Assaigs diversos / Lluís Labarta ... [et al.]
Descripción Física:
139 p. ; 17 cm
Otros Autores:
Labarta Grané, Lluís
Materias:
Teatre -- Reculls d'escrits
MARC
| LEADER | 00000nam a2200000Ia 4500 | ||
|---|---|---|---|
| 001 | 8366 | ||
| 003 | BGR | ||
| 005 | 20260324175316.0 | ||
| 008 | 160829s1932 xx 000 0 cat d | ||
| 080 | |a B-1-247 | ||
| 245 | |a Assaigs diversos / Lluís Labarta ... [et al.] | ||
| 260 | |a Barcelona : |b Generalitat de Catalunya. Institut del Teatre, |c 1932 | ||
| 300 | |a 139 p. ; |c 17 cm | ||
| 490 | |a Publicacions de la Institució del Teatre ; 10 | ||
| 650 | |a Teatre |x Reculls d'escrits |9 20126 | ||
| 700 | |a Labarta Grané, Lluís |9 29041 | ||
| 710 | 1 | |a Institut del Teatre (Barcelona, Catalunya) |9 52662 | |
| 901 | |a Arxiu | ||
| 942 | |n 1 |2 udc |c MON | ||
| 952 | |0 0 |1 0 |4 0 |6 B1247 |7 1 |9 43888 |a Arxiu |b Arxiu |d 2016-12-01 |l 0 |o B-1-247 |p 8366 |r 2016-12-01 00:00:00 |w 2016-12-01 |y ARXIU | ||
| 999 | |c 46468 |d 46468 | ||